Milyen tényezők befolyásolják a fiatalok mozikultúrához való viszonyát és mozikba járási szokásaikat a mai digitális korban?

Bibliográfiai részletek
Szerző: Telek Boglárka Noémi
További közreműködők: Petõ Lilla
Dokumentumtípus: Diplomadolgozat
Kulcsszavak:fiatalok
közösségi élmény
kultúrafogyasztás
mozi
streaming platformok
Online Access:http://dolgozattar.uni-bge.hu/59480

MARC

LEADER 00000nta a2200000 i 4500
001 dolg59480
005 20260409145123.0
008 260409suuuu hu om 000 hun d
040 |a BGE Dolgozattár Repozitórium  |b hun 
041 |a hu 
100 1 |a Telek Boglárka Noémi 
245 1 0 |a Milyen tényezők befolyásolják a fiatalok mozikultúrához való viszonyát és mozikba járási szokásaikat a mai digitális korban?  |c Telek Boglárka Noémi  |h [elektronikus dokumentum] 
520 3 |a A mozi, mint kulturális és szórakoztató intézmény már több mint egy évszázada jelentős szerepet tölt be a társadalomban. Azonban az elmúlt évtizedek technológiai fejlődése és a digitalizáció rohamos térnyerése alapjaiban változtatta meg az emberek szórakozási szokásait. Az online streaming-szolgáltatások elérhetősége és népszerűsége új lehetőségeket teremtett a filmfogyasztás terén, hiszen a nézők bárhol és bármikor hozzáférhetnek a tartalmakhoz anélkül, hogy el kellene hagyniuk otthonukat. Ez a változás különösen a fiatal korosztály körében érezteti hatását, mivel ők azok, akik a leginkább nyitottak az új technológiákra és digitális platformokra. Kutatásom célja, hogy feltárja, milyen tényezők befolyásolják a fiatalok mozikultúrához való viszonyát, és hogyan formálódnak mozijárási szokásaik ebben a folyamatosan változó digitális környezetben. 
695 |a fiatalok 
695 |a közösségi élmény 
695 |a kultúrafogyasztás 
695 |a mozi 
695 |a streaming platformok 
700 1 |a Petõ Lilla  |e ths 
856 4 0 |u http://dolgozattar.uni-bge.hu/59480/1/Telek_Boglarka_Szakdolgozat.pdf  |z Dokumentum-elérés 
856 4 0 |u http://dolgozattar.uni-bge.hu/59480/2/Telek%20Bogla%CC%81rka%20Noe%CC%81mi_KeszeiBarbara.pdf  |z Dokumentum-elérés 
856 4 0 |u http://dolgozattar.uni-bge.hu/59480/3/TelekBogi.pdf  |z Dokumentum-elérés